High technology business

Detalles Bibliográficos
Título anterior:High technology (Boston, Mass.)
Formato: Electrónico Revista
Lenguaje:inglés
Publicado: Boston, MA : Infotechnology Pub. Corp., ©1987-©1989.
Materias:
Acceso en línea:Full text available from Research Library: 12/01/1987 to 11/30/1989

MARC

LEADER 00000nas a2200000 a 4500
001 ssj0012362
003 WaSeSS
005 20200512172242.0
006 m d
007 cr n
008 870827d19871989nyubr p s 0 a0eng c
010 |a  87655772   |z sn 87020856  
016 |a (AMICUS)000007460668 
016 7 |a 013608428  |2 DE-101 
016 7 |a 623043-X  |2 DE-600 
016 7 |a 9883274  |2 DNLM 
016 7 |a SR0061759  |2 DNLM 
016 7 |a 012770003  |2 Uk 
022 |l 0895-8432  |y 0895-8432 
030 |a HTBUE9 
032 |a 670290  |b USPS 
035 |a (WaSeSS)ssj0012362 
037 |b Infotechnology Pub. Corp., High Technology Business, P.O. Box 53981, Boulder, CO 80322 
040 |a CUI  |b eng  |c CUI  |d NSD  |d HUL  |d DLC  |d HUL  |d AGL  |d NSD  |d NST  |d DLC  |d NSD  |d IUL  |d NSD  |d NST  |d NSD  |d HUL  |d NSD  |d OCL  |d IUL  |d HUL  |d NST  |d GUA  |d NLM  |d OCLCQ  |d DEBBG  |d GBVCP  |d UKMGB  |d OCLCF  |d OCLCO  |d I8M  |d OCLCQ  |d CSJ  |d NLC  |d OCLCQ  |d GILDS  |d VNS  |d OCLCO  |d OCLCQ  |d RDF  |d WaSeSS 
042 |a nsdp  |a pcc 
050 0 0 |a T1  |b .H5 
070 0 |a T1.H5 
072 0 |a X600 
082 0 0 |a 605  |2 19 
210 0 |a High technol. bus. 
222 0 |a High technology business 
245 0 0 |a High technology business  |h [electronic resource]. 
260 |a Boston, MA :  |b Infotechnology Pub. Corp.,  |c ©1987-©1989. 
310 |a Bimonthly,  |b July/Aug. 1989-Nov./Dec. 1989 
321 |a Monthly,  |b 1987-June 1989 
362 0 |a Vol. 7, no. 9 (Sept. 1987)-v. 9, no. 9 (Nov./Dec. 1989). 
500 |a Title from cover. 
500 |a Imprint varies: New York -1989. 
506 |a License restrictions may limit access. 
650 0 |a High technology  |v Periodicals. 
650 7 |a High technology.  |2 fast  |0 (OCoLC)fst00956404 
655 0 |a Electronic journals. 
780 0 0 |t High technology (Boston, Mass.)  |x 0277-2981  |w (DLC) 81645492  |w (OCoLC)7804475 
850 |a AAP  |a AU  |a ArU  |a AzTeS  |a CLSU  |a CPT  |a CSt  |a CU-A  |a CU-SB  |a CaAEU  |a CaNSH  |a CaOONL  |a CaOTU  |a CaSSU  |a CoFS  |a CoU  |a CtY-SSE  |a DLC  |a DNAL  |a DeU  |a FU  |a GASU  |a GU  |a ICarbS  |a INS  |a IaAS  |a IaU  |a InLP  |a InU  |a KMK  |a MBU  |a MCM  |a MH-BA  |a MH-SI  |a MMeT  |a MNS  |a MiD  |a MiDW  |a MiU  |a MnU  |a MoKL  |a NIC  |a NN  |a NNC  |a NRU  |a NSyU  |a NcD  |a NcRS  |a NcU  |a NjP  |a NjR  |a OCU  |a OU  |a OrCS  |a OrU  |a P  |a PBL  |a PPD  |a TxCM  |a TxDaM  |a TxHR  |a ULA  |a UU  |a ViBlbV  |a ViU  |a WaU  |a WvU  |a WyU 
856 4 0 |z Full text available from Research Library: 12/01/1987 to 11/30/1989  |u https://search.proquest.com/publication/47920